Harry Styles - Fine Line - Statistics

General Stats
  • This quiz has been taken 12 times
  • The average score is 10 of 12
Answer Stats
2019 Fine Line % Correct
3 Adore You
100%
5 Cherry
100%
12 Fine Line
100%
2 Watermelon Sugar
100%
6 Falling
90%
1 Golden
90%
10 Canyon Moon
80%
9 Sunflower, Vol. 6
80%
4 Lights Up
70%
8 She
70%
7 To Be So Lonely
70%
11 Treat People With Kindness
70%
No matching quizzes found
Score Distribution
Percent of People with Each Score
Percentile by Number Answered
Your Score History
You have not taken this quiz